Responses for show #3088 - Wednesday, January 21, 1998

Contestants

Kate Ricci, a statistician from Deep River, Connecticut

Ron Hankey, an operations research analyst from Falls Church, Virginia

Kevin Perry, a shipping supervisor and college student from Fredericksburg, Virginia (whose 1-day cash winnings total $9,500)

Jeopardy! Round responses

NEW YORK CITIES
ACTOR-DIRECTORS
BRITISH ROYAL LOVE AFFAIRS
COUNTRY COOKING
THE SUMMER OLYMPICS
FILE UNDER "J"
    $100 3
Rye

Ron
    $100 9
Larry Hagman

Kevin
    $100 15
Henry VIII

Ron
    $100 24
Coconut

Ron
    $100 4
Leon or Michael

Kevin
    $100 1
Jet

Kevin
    $200 11
Niagara Falls

Ron
    $200 10
Beau Bridges

Ron
    $200 16
Maypole

Kate
    $200 27
Liver

Kate
    $200 5
High jump

Kevin
    $200 2
Judo

Ron
    $300 12
Oneida

Ron
    $300 20
(Kate: Who is Martin Scorsese?)

Robert De Niro

KevinKate
    $300 17
Queen Victoria

Ron
    $300 28
Kung Pao Chicken

Triple Stumper
    $400 6
Javelin

Kevin
    $300 21
Jezebel

Triple Stumper
    $400 13
Corning

Kevin
    $400 25
Anjelica Huston

Kevin
    $400 18
John

Kate
    $400 29
Lamb

Kevin
    $400 7
Charles Barkley

Ron
    $400 22
(Kevin: What is a jolt?)

Juice

Kevin
Triple Stumper
    $500 14
Ithaca

Ron
    $500 26
Billy Budd

Kate
    $500 19
Samuel Pepys

Triple Stumper
    $500 30
Thailand

Ron
    $500 8
Greg Louganis

Kate
    $500 23
(R: What is to gerrymander?)
(with about a minute left in the round...)

Jerry-build

KevinRon

Scores at the first commercial break (after clue 15):

Kevin Ron Kate
$1,300 $2,000 $500

Scores at the end of the Jeopardy! Round:

Kevin Ron Kate
$2,500 $2,400 $1,500

Double Jeopardy! Round responses

THE 20th CENTURY
PLAYS
CATHEDRALS & CHURCHES
FEELIN' GOUTY
RAP
WORD
    $200 1
(Kevin: What is Life?)

Time

KevinRon
    $200 11
Nickel

Kate
    $200 2
Notre Dame Cathedral

Kate
    $200 12
(Kevin: What is the leg/knee?)
(R: What is the foot/ankle?)

Toe

KevinRonKate
    $200 19
Coolio

Kevin
    $200 22
(we have about a minute left...)

Eclipse

Ron
    $400 7
Hapsburg

Ron
    $400 17
"The Odd Couple"

Kate
    $400 3
St. Patrick's Cathedral

Kevin
    $400 13
Tyrannosaurus Rex

Kevin
    $400 20
The Beastie Boys

Ron
    $400 23
Mosaic

Ron
    $500 8
(R: Who is Mae West?)

Jean Harlow (in "Platinum Blonde")

Ron
    $600 18
Flea

Triple Stumper
    $600 4
Belgium

Triple Stumper
    $600 14
Martin Luther

Kevin
    $600 27
Hip-Hop

Kate
    $600 24
Pendant

Kate
    $800 9
Space shuttle program

Kevin
    $800 21
(Kevin: Who is Earl Hamner, Jr.?)

Harold Pinter

Kevin
Triple Stumper
    $800 5
(Kevin: What is London?)

Coventry

KevinRon
    $800 15
Bath

Triple Stumper
    $800 28
(buzzer sounds)

Yo! MTV Raps

Kevin
    $800 25
Spin

Ron
    $1000 10
Olduvai Gorge

Triple Stumper
    $1000 6
Milan

Triple Stumper
    $1000 16
(Kevin: Who is Henry James?)

Henry Fielding

Kevin
Triple Stumper
    $1000 26
Sarcophagus

Kevin

Scores at the end of the Double Jeopardy! Round:

Kevin Ron Kate
$3,700 $4,900 $3,700

[wagering suggestions for these scores]

Final Jeopardy! Round responses

THE POST OFFICE
[NOTE: Kevin's response was revealed first.]
KateWhat is the Elvis stamp?
$3,699
KevinWhat is the Elvis stamp?
$3,650
RonWhat is Elvis Presley?
$2,501
The Elvis Presley stamp

Final scores:

Kevin Ron Kate
$7,350 $7,401 $7,399
3rd place: Monorail Desktop PC New champion: $7,401 2nd place: Trip to Kauai Coconut Beach Hotel, Hawaii

Game dynamics:

Coryat scores:

Kevin Ron Kate
$3,600 $5,400 $3,700
17 R
(including 1 DD),
6 W
18 R,
3 W
(including 1 DD)
11 R,
1 W

Combined Coryat: $12,700

The J! Archive is created by fans, for fans. The Jeopardy! game show and all elements thereof, including but not limited to copyright and trademark thereto, are the property of Jeopardy Productions, Inc. and are protected under law. This website is not affiliated with, sponsored by, or operated by Jeopardy Productions, Inc. Join the discussion at JBoard.tv.